| 000 | 00698nam a22001337a 4500 | ||
|---|---|---|---|
| 040 | _cRUA | ||
| 082 | _aAGR KEM 2015 B625 Or.01 | ||
| 100 | _aKEM RATHA កែម រដ្ឋា | ||
| 245 | _aCOMPARISON OF PLANT SPACING ON PEANUT GROWTH AND YEILD IN ROYAL UNIVERSITY OF AGRICULTURE CONDITION ប្រៀធៀចន្លោះគុម្ពខុសគ្នាទៅលើការលូតលាស់និង ទិន្នផលដំណាំសណ្តែកជីក្នុងលក្ខខណ្ឌសាកលវិទ្យាល័យភូមិកសិកម្ម | ||
| 260 |
_aphnom penh _bRUA _c2015 |
||
| 300 |
_axi,27 _bill, _c29cm, |
||
| 856 | _uKEM RATHA | ||
| 942 | _cAGR | ||
| 999 |
_c17751 _d17751 |
||